|
|
|
|
| LEADER |
00000nam0a2200000 4500 |
| 001 |
271667 |
| 005 |
20231031225419.0 |
| 020 |
|
|
|a RU
|b 86-54431
|
| 035 |
|
|
|a (RuTPU)RU\TPU\book\294869
|
| 090 |
|
|
|a 271667
|
| 100 |
|
|
|a 20141010d1986 k y0rusy5003 ca
|
| 101 |
0 |
|
|a rus
|
| 102 |
|
|
|a RU
|
| 105 |
|
|
|a a z 001zy
|
| 200 |
1 |
|
|a Влияние эксплуатации подземных вод на развитие карстово-суффозионных процессов
|f В. Л. Злобина
|g Академия наук СССР (АН СССР), Институт водных проблем (ИВП)
|
| 210 |
|
|
|a Москва
|c Наука
|d 1986
|
| 215 |
|
|
|a 133 с.
|c ил.
|d 22 см
|
| 320 |
|
|
|a Библиогр.: с. 124-131
|
| 606 |
1 |
|
|a Воды подземные
|2 stltpush
|3 (RuTPU)RU\TPU\subj\3169
|
| 610 |
1 |
|
|a режим
|
| 610 |
1 |
|
|a карст
|
| 610 |
1 |
|
|a карстовые процессы
|
| 610 |
1 |
|
|a физико-географические условия
|
| 610 |
1 |
|
|a эксплуатация
|
| 675 |
|
|
|a 556.38
|z rus
|v 4
|
| 700 |
|
1 |
|a Злобина
|b В. Л.
|g Валентина Леонидовна
|4 070
|
| 712 |
0 |
2 |
|a Академия наук СССР (АН СССР)
|b Институт водных проблем (ИВП)
|c (Москва)
|2 stltpush
|3 (RuTPU)RU\TPU\col\11860
|
| 801 |
|
0 |
|a RU
|b RuMRKP
|c 19950704
|g psbo
|
| 801 |
|
1 |
|a RU
|b 63413507
|c 20141010
|
| 801 |
|
2 |
|a RU
|b 63413507
|c 20170314
|g RCR
|
| 942 |
|
|
|c BK
|